Distributed operating systems : concerts and design / (Record no. 746)

MARC details
000 -LEADER
Fixed length control field 00500nam a2200169 4500
003 - CONTROL NUMBER IDENTIFIER
Control field SEACOMEC
005 - DATE AND TIME OF LATEST TRANSACTION
Control field 20241207124545.0
008 - FIXED-LENGTH DATA ELEMENTS--GENERAL INFORMATION
Fixed length control field 240309b |||||||| |||| 00| 0 eng d
020 ## - INTERNATIONAL STANDARD BOOK NUMBER / ISBN
Price Rs.325.00
International Standard Book Number 8120313801
040 ## - CATALOGING SOURCE
Original cataloging agency SEACOMEC
082 ## - DEWEY DECIMAL CLASSIFICATION NUMBER
Classification number 005.43
Book Number S617
100 ## - MAIN ENTRY--PERSONAL NAME
Personal name Sihna,Pranab K.
245 1# - TITLE STATEMENT
Title Distributed operating systems : concerts and design /
Statement of responsibility Pranab K. Sinha
260 ## - IMPRINT
Place of publication New Delhi
Name of publisher Prentice Hall
Date of publication 2005
650 ## - SUBJECT ADDED ENTRY--TOPICAL TERM
Topical term Computer science,*Systems programming and programs
942 ## - ADDED ENTRY ELEMENTS (KOHA)
Koha item type Books
Holdings
Withdrawn status Lost status Source of classification Damaged status Not for loan Home library Current library Date acquired Total Checkouts Call number Accession number Date last seen Price effective from Koha item type Copy number
    Dewey Decimal Classification     SEACOM ENGINEERING COLLEGE SEACOM ENGINEERING COLLEGE 10/06/2006   005.43 S617 03225 13/08/2024 13/08/2024 Books  
    Dewey Decimal Classification     SEACOM ENGINEERING COLLEGE SEACOM ENGINEERING COLLEGE 10/06/2006   005.43 S617 03226 13/08/2024 13/08/2024 Books 1
    Dewey Decimal Classification     SEACOM ENGINEERING COLLEGE SEACOM ENGINEERING COLLEGE 12/06/2007   005.43 S617 7016 13/08/2024 13/08/2024 Books 2
    Dewey Decimal Classification     SEACOM ENGINEERING COLLEGE SEACOM ENGINEERING COLLEGE 12/06/2007   005.43 S617 7017 13/08/2024 13/08/2024 Books 3
    Dewey Decimal Classification     SEACOM ENGINEERING COLLEGE SEACOM ENGINEERING COLLEGE 12/06/2007   005.43 S617 7018 13/08/2024 13/08/2024 Books 4
    Dewey Decimal Classification     SEACOM ENGINEERING COLLEGE SEACOM ENGINEERING COLLEGE 12/06/2007   005.43 S617 7019 13/08/2024 13/08/2024 Books 5
    Dewey Decimal Classification     SEACOM ENGINEERING COLLEGE SEACOM ENGINEERING COLLEGE 12/06/2007   005.43 S617 7020 13/08/2024 13/08/2024 Books 6
    Dewey Decimal Classification     SEACOM ENGINEERING COLLEGE SEACOM ENGINEERING COLLEGE 18/04/2008   005.43 S617 10928 07/12/2024 07/12/2024 Books 7
    Dewey Decimal Classification     SEACOM ENGINEERING COLLEGE SEACOM ENGINEERING COLLEGE 18/04/2008   005.43 S617 10929 07/12/2024 07/12/2024 Books 8
    Dewey Decimal Classification     SEACOM ENGINEERING COLLEGE SEACOM ENGINEERING COLLEGE 18/04/2008   005.43 S617 10930 07/12/2024 07/12/2024 Books 9
    Dewey Decimal Classification     SEACOM ENGINEERING COLLEGE SEACOM ENGINEERING COLLEGE 18/04/2008   005.43 S617 10931 07/12/2024 07/12/2024 Books 10
    Dewey Decimal Classification     SEACOM ENGINEERING COLLEGE SEACOM ENGINEERING COLLEGE 18/04/2008   005.43 S617 10932 07/12/2024 07/12/2024 Books 11
    Dewey Decimal Classification     SEACOM ENGINEERING COLLEGE SEACOM ENGINEERING COLLEGE 18/04/2008   005.43 S617 10933 07/12/2024 07/12/2024 Books 12
© Seacom Engineering College, All rights reserved.      Powered by Koha